[Event "46th Guernsey Open"]
[Site "?"]
[Date "2022.10.22"]
[Round "7"]
[White "Rogers, Bernard"]
[Black "Berkley, Stephen W"]
[Result "1/2-1/2"]
[WhiteElo "1842"]
[BlackElo "1617"]
[PlyCount "35"]
[EventDate "2022.??.??"]

1. e4 e6 2. d4 d5 3. exd5 exd5 4. Nf3 Bd6 5. Bd3 Ne7 6. O-O Bg4 7. Bg5 f6 8.
Bh4 Nbc6 9. c3 Qd7 10. Nbd2 O-O-O 11. b4 Ng6 12. Bg3 Nf4 13. Qc2 Nxd3 14. Qxd3
Ne7 15. a4 Bf5 16. Qb5 Bxg3 17. Qxd7+ Kxd7 18. fxg3 1/2-1/2

[Event "46th Guernsey Open"]
[Site "?"]
[Date "2022.10.22"]
[Round "7"]
[White "Nevska, Gerda"]
[Black "Poldermans, Daan"]
[Result "1/2-1/2"]
[WhiteElo "1841"]
[BlackElo "1626"]
[PlyCount "34"]
[EventDate "2022.??.??"]

1. c4 e5 2. Nc3 Bb4 3. Nd5 Bc5 4. e3 c6 5. Nc3 Nf6 6. Nge2 d5 7. d4 exd4 8.
Nxd4 O-O 9. cxd5 Nxd5 10. Qh5 g6 11. Qf3 Nxc3 12. bxc3 Nd7 13. Be2 Nf6 14. Nxc6
bxc6 15. Qxc6 Qb6 16. Bf3 Qxc6 17. Bxc6 Rb8 1/2-1/2

[Event "46th Guernsey Open"]
[Site "?"]
[Date "2022.10.22"]
[Round "7"]
[White "Gunn, Michael J"]
[Black "Gravett, Alan D"]
[Result "1/2-1/2"]
[WhiteElo "1596"]
[BlackElo "1829"]
[PlyCount "39"]
[EventDate "2022.??.??"]

1. e4 c5 2. c3 Nf6 3. e5 Nd5 4. Nf3 d6 5. d4 cxd4 6. cxd4 e6 7. Bc4 dxe5 8.
dxe5 Bb4+ 9. Bd2 Qa5 10. O-O Nc6 11. a3 Bxd2 12. Nbxd2 Qc7 13. Re1 Nf4 14. Rc1
Qb8 15. g3 Ng6 16. Bb5 O-O 17. Bxc6 bxc6 18. Qc2 Bb7 19. h4 h6 20. Qc5 1/2-1/2

[Event "46th Guernsey Open"]
[Site "?"]
[Date "2022.10.22"]
[Round "7"]
[White "Pang, Ethan"]
[Black "Brookfield, Toby"]
[Result "1/2-1/2"]
[WhiteElo "1467"]
[BlackElo "1816"]
[PlyCount "33"]
[EventDate "2022.??.??"]

1. e4 c5 2. Nf3 d6 3. d4 cxd4 4. Nxd4 Nf6 5. Nc3 g6 6. Be3 Bg7 7. f3 Nc6 8. Bc4
O-O 9. Qd2 Bd7 10. O-O Rc8 11. Be2 Ne5 12. Nb3 a6 13. a4 Nc4 14. Bxc4 Rxc4 15.
a5 Qc8 16. Bd4 Re8 17. Rf2 1/2-1/2

[Event "46th Guernsey Open"]
[Site "?"]
[Date "2022.10.22"]
[Round "7"]
[White "Pink, Joshua"]
[Black "Kershaw, Graham J"]
[Result "1-0"]
[WhiteElo "1938"]
[BlackElo "1609"]
[PlyCount "31"]
[EventDate "2022.??.??"]

1. e4 e6 2. d4 d5 3. Nd2 c5 4. Ngf3 Nc6 5. exd5 Qxd5 6. Bc4 Qd8 7. Nb3 cxd4 8.
Nbxd4 Nxd4 9. Nxd4 Bc5 10. Be3 Qb6 11. Bb5+ Kf8 12. O-O Bxd4 13. Bxd4 Qxb5 14.
Bc5+ Ne7 15. Qd8+ Qe8 16. Bxe7+ 1-0

[Event "46th Guernsey Open"]
[Site "?"]
[Date "2022.10.22"]
[Round "7"]
[White "Goman, Colin"]
[Black "Dennis, Nigel W"]
[Result "1-0"]
[WhiteElo "1619"]
[BlackElo "1852"]
[PlyCount "79"]
[EventDate "2022.??.??"]

1. d4 Nf6 2. Nf3 g6 3. Nbd2 Bg7 4. e4 d6 5. c3 O-O 6. Be2 Nbd7 7. O-O e5 8. d5
Ne8 9. Ne1 f5 10. f4 fxe4 11. Nxe4 exf4 12. Bxf4 Ndf6 13. Bg5 Bf5 14. Ng3 Bd7
15. Nf3 h6 16. Be3 Kh7 17. Bd3 Qe7 18. Re1 Qf7 19. Qc2 Nxd5 20. Bd2 Nef6 21.
Nh4 Bf5 22. Ngxf5 Ng4 23. Nxg6 Rfe8 24. Nf4 Kh8 25. Bc4 c6 26. Nxd6 Rxe1+ 27.
Rxe1 Qc7 28. Ng6+ Kg8 29. Ne7+ Kf8 30. Qg6 Qb6+ 31. Be3 Ne5 32. Bxb6 Nxg6 33.
Nxg6+ Kg8 34. Bxd5+ cxd5 35. Bd4 Rd8 36. Re8+ Rxe8 37. Nxe8 Bxd4+ 38. cxd4 Kf7
39. Nf4 Kxe8 40. Nxd5 1-0

[Event "46th Guernsey Open"]
[Site "?"]
[Date "2022.10.22"]
[Round "7"]
[White "Stanners, Michael J"]
[Black "Harnden, Terry"]
[Result "0-1"]
[WhiteElo "1751"]
[BlackElo "1488"]
[PlyCount "92"]
[EventDate "2022.??.??"]

1. d4 Nf6 2. Nc3 e6 3. Bf4 Bb4 4. Qd3 Nd5 5. Bg3 Bxc3+ 6. bxc3 O-O 7. e4 Nf6 8.
Bh4 Qe8 9. Nf3 h6 10. Bxf6 gxf6 11. Qe3 Kg7 12. Bd3 Rh8 13. e5 Qe7 14. exf6+
Qxf6 15. g4 Kf8 16. g5 hxg5 17. Nxg5 Qh6 18. h4 f6 19. Qf3 Ke7 20. Ne4 d5 21.
Ng3 Bd7 22. Qe2 Kd8 23. Qf3 Nc6 24. Ke2 Ne7 25. h5 c6 26. Rag1 Kc7 27. Nf1 f5
28. Ne3 Raf8 29. Qh3 Kd8 30. Qh2 Kc8 31. Qd6 Re8 32. a4 Ng8 33. Rg6 Qf8 34. Qe5
Ne7 35. Rgg1 Qh6 36. Rb1 c5 37. Rxb7 Kxb7 38. Rb1+ Ka8 39. dxc5 Qxh5+ 40. Kd2
f4 41. Qc7 fxe3+ 42. fxe3 Qh2+ 43. Qxh2 Rxh2+ 44. Be2 Bxa4 45. Rb4 Bxc2 46. Rb2
Be4 0-1

[Event "46th Guernsey Open"]
[Site "?"]
[Date "2022.10.22"]
[Round "7"]
[White "Royle, Nick"]
[Black "Kirk, Matthew"]
[Result "0-1"]
[WhiteElo "1482"]
[BlackElo "1738"]
[PlyCount "54"]
[EventDate "2022.??.??"]

1. e4 c6 2. d4 d5 3. exd5 cxd5 4. Nf3 Nf6 5. Bf4 Nc6 6. c3 Bg4 7. h3 Bxf3 8.
Qxf3 e6 9. Bd3 Bd6 10. Bg3 Bxg3 11. fxg3 Qb6 12. Qf2 O-O 13. O-O Rac8 14. Na3
a6 15. Rae1 Rce8 16. g4 e5 17. g5 Nh5 18. Bf5 Qd8 19. h4 g6 20. g4 Nf4 21. Qg3
gxf5 22. dxe5 Ng6 23. gxf5 Ngxe5 24. f6 Qd7 25. Rf4 d4 26. cxd4 Nxd4 27. Qc3
Nef3+ 0-1

[Event "46th Guernsey Open"]
[Site "?"]
[Date "2022.10.22"]
[Round "7"]
[White "Roberts, Tallulah"]
[Black "Reink, Geerhard"]
[Result "1/2-1/2"]
[WhiteElo "1521"]
[BlackElo "1647"]
[PlyCount "47"]
[EventDate "2022.??.??"]

1. b4 e5 2. Bb2 d6 3. e3 Nf6 4. c4 Be7 5. Nf3 Bg4 6. Be2 O-O 7. O-O h6 8. Nc3
Nbd7 9. a3 a5 10. Qc2 Nb6 11. d4 exd4 12. Nxd4 Bxe2 13. Ncxe2 Re8 14. Rfd1 Nbd7
15. Nb5 Qc8 16. Nf4 b6 17. Nd5 Nxd5 18. cxd5 Bd8 19. Rdc1 Qb7 20. Qc6 Qxc6 21.
Rxc6 axb4 22. axb4 Rxa1+ 23. Bxa1 Ne5 24. Rc2 1/2-1/2

[Event "46th Guernsey Open"]
[Site "?"]
[Date "2022.10.22"]
[Round "7"]
[White "Bennett, David"]
[Black "Nalichowski, Bogdan"]
[Result "0-1"]
[WhiteElo "1408"]
[BlackElo "1361"]
[PlyCount "102"]
[EventDate "2022.??.??"]

1. Nf3 Nc6 2. d4 d5 3. h3 Nf6 4. Bf4 e6 5. a3 Bd6 6. Bxd6 cxd6 7. e3 a6 8. Be2
e5 9. dxe5 dxe5 10. Nbd2 b5 11. O-O Bb7 12. Nb3 Qb6 13. Nh4 g6 14. Rc1 O-O 15.
Nd2 Rad8 16. c3 d4 17. exd4 exd4 18. cxd4 Nxd4 19. Nhf3 Nxf3+ 20. Bxf3 Bxf3 21.
gxf3 Rd5 22. Qc2 Rfd8 23. Ne4 Nxe4 24. Qxe4 Qf6 25. b4 Re5 26. Rc6 Qg5+ 27. Qg4
Qd2 28. Qh4 Qd5 29. Rc5 Rg5+ 30. Kh2 Qd6+ 31. f4 Rh5 32. Qg4 Rxc5 33. bxc5 Qxc5
34. Qf3 a5 35. Rg1 Rd5 36. Re1 Kf8 37. Re3 a4 38. Rc3 Qd6 39. Rc8+ Kg7 40. Rc3
Rd4 41. Kg3 g5 42. Kg2 Rxf4 43. Qg3 h6 44. Rd3 Qc6+ 45. Kh2 Qf6 46. Kg2 Qe5 47.
Re3 Qd5+ 48. Kh2 Qf5 49. Kg1 Kg6 50. Qg2 Qc2 51. Kh2 Rxf2 0-1